[Event "4NCL-9899A BA1-WG"]
[Site "Rd8-Birmingham"]
[Date "1999.03.21"]
[Round "8.3"]
[White "Knott, Simon"]
[Black "Ward, Chris"]
[Result "1/2-1/2"]
[WhiteElo "2367"]
[BlackElo "2482"]
[PlyCount "30"]
[EventDate "1999.03.21"]

1. c4 b6 2. Nc3 Bb7 3. Nf3 e6 4. e4 Bb4 5. Qb3 Na6 6. Be2 Ne7 7. O-O O-O 8. d3
d5 9. exd5 exd5 10. d4 dxc4 11. Bxc4 Bxf3 12. Bxa6 Bxc3 13. bxc3 Bc6 14. Bd3
Qd7 15. Qc2 Bxg2 1/2-1/2

[Event "4NCL-9899A BA1-WG"]
[Site "Rd8-Birmingham"]
[Date "1999.03.21"]
[Round "8.4"]
[White "Levitt, Jon"]
[Black "Lehtivaara, Petri"]
[Result "1-0"]
[WhiteElo "2427"]
[BlackElo "2359"]
[PlyCount "87"]
[EventDate "1999.03.21"]

1. d4 Nf6 2. c4 e6 3. Nc3 Bb4 4. e3 Nc6 5. Nge2 d5 6. a3 Bf8 7. cxd5 exd5 8.
Nf4 Ne7 9. Bd3 c6 10. O-O g6 11. b4 Bg7 12. a4 O-O 13. Ba3 Re8 14. b5 Nf5 15.
bxc6 bxc6 16. Rc1 Bd7 17. Na2 Ne4 18. Nb4 Qf6 19. Na6 Nxf2 20. Rxf2 Nxe3 21.
Qf3 Ng4 22. Ne2 Nxf2 23. Qxf6 Bxf6 24. Kxf2 Rac8 25. Rb1 c5 26. Bxc5 Bxa4 27.
Nb4 Rcd8 28. Nc3 Bd7 29. Nbxd5 Bg5 30. Bc4 Bc6 31. Ra1 Bxd5 32. Nxd5 h5 33.
Rxa7 h4 34. Nf6+ Bxf6 35. Bxf7+ Kh8 36. Bxe8 Rxe8 37. Rf7 Bg7 38. Rf4 g5 39.
Rf5 h3 40. gxh3 Re4 41. d5 Rc4 42. Be7 Bd4+ 43. Kg3 Kh7 44. d6 1-0

[Event "4NCL-9899A BA1-WG"]
[Site "Rd8-Birmingham"]
[Date "1999.03.21"]
[Round "8.5"]
[White "Hansen, Carsten"]
[Black "Littlewood, Paul"]
[Result "1/2-1/2"]
[WhiteElo "2310"]
[BlackElo "2430"]
[PlyCount "71"]
[EventDate "1999.03.21"]

1. c4 e5 2. Nc3 Nf6 3. Nf3 Nc6 4. e4 Bb4 5. d3 Bxc3+ 6. bxc3 d6 7. g3 O-O 8.
Bg2 a6 9. a4 Na5 10. Nd2 Nd7 11. O-O Nc5 12. d4 Nd3 13. Ba3 exd4 14. Qc2 Nc5
15. cxd4 Ne6 16. Bb2 f6 17. f4 Bd7 18. d5 Nc5 19. Bd4 b6 20. Bxc5 bxc5 21. Qc3
Nb7 22. Rab1 Ra7 23. a5 Re8 24. Rb2 Qe7 25. Re1 Nd8 26. h3 Nf7 27. Nf3 Raa8 28.
Rbe2 Rab8 29. g4 Qf8 30. Re3 Rb4 31. e5 dxe5 32. fxe5 fxe5 33. Nxe5 Nxe5 34.
Rxe5 Rxe5 35. Qxe5 Qd6 36. Qe4 1/2-1/2

[Event "4NCL-9899A BA1-WG"]
[Site "Rd8-Birmingham"]
[Date "1999.03.21"]
[Round "8.7"]
[White "Rogers, Jonathan"]
[Black "Sowray, Peter"]
[Result "0-1"]
[WhiteElo "2358"]
[BlackElo "2336"]
[PlyCount "74"]
[EventDate "1999.03.21"]

1. d4 e6 2. Nf3 Nf6 3. Bg5 h6 4. Bh4 b6 5. Nbd2 Bb7 6. e3 Be7 7. c3 c5 8. a4
cxd4 9. exd4 Nc6 10. Bd3 O-O 11. Bxf6 Bxf6 12. Qe2 d6 13. O-O g6 14. Rfe1 Bg7
15. Nc4 e5 16. dxe5 Nxe5 17. Nfxe5 dxe5 18. Be4 Bxe4 19. Qxe4 f5 20. Qe2 e4 21.
Rad1 Qc7 22. Ne3 Rae8 23. Qb5 Re5 24. Nd5 Qf7 25. Qc6 f4 26. c4 f3 27. g3 Re6
28. Qb5 Qf5 29. Qd7 Bxb2 30. Nf4 Ree8 31. Qc6 g5 32. Rd5 Be5 33. Kh1 gxf4 34.
gxf4 Qxf4 35. Rg1+ Kh8 36. Rxe5 Rxe5 37. Qg6 Qf6 0-1

[Event "4NCL-9899A BA1-WG"]
[Site "Rd8-Birmingham"]
[Date "1999.03.21"]
[Round "8.8"]
[White "Jackson, Sheila"]
[Black "Kieran, Rosalind"]
[Result "1-0"]
[WhiteElo "2168"]
[BlackElo "2053"]
[PlyCount "97"]
[EventDate "1999.03.21"]

1. e4 c5 2. c3 Nf6 3. e5 Nd5 4. d4 cxd4 5. Nf3 Nc6 6. Bc4 Nb6 7. Bb3 g6 8. cxd4
Bg7 9. Bf4 O-O 10. O-O Na5 11. Bc2 Nd5 12. Bg3 d6 13. Nbd2 Nb4 14. Bb1 dxe5 15.
Bxe5 Nbc6 16. Bxg7 Kxg7 17. Qa4 Rb8 18. Bd3 a6 19. b4 Nxd4 20. Qxa5 f6 21. Qxd8
Rxd8 22. Bc4 Nc2 23. Rab1 b5 24. Be2 Bf5 25. Rb2 Rbc8 26. h3 h5 27. Rd1 g5 28.
Nf1 e5 29. Rxd8 Rxd8 30. Ne3 Nxe3 31. fxe3 Be6 32. Kf2 Kg6 33. Rc2 Rd6 34. a3
Bf5 35. Rc3 Be6 36. Bd3+ Kh6 37. Ke2 g4 38. hxg4 hxg4 39. Nh4 Kg5 40. g3 f5 41.
Rc5 Kf6 42. e4 fxe4 43. Bxe4 Bc4+ 44. Ke1 Bd3 45. Rc6 Rxc6 46. Bxc6 e4 47. Kd2
Ke5 48. Ke3 Kd6 49. Bxe4 1-0

[Event "4NCL-9899A BA2-WES"]
[Site "Rd8-Birmingham"]
[Date "1999.03.21"]
[Round "8.1"]
[White "Plaskett, James"]
[Black "Webb, Richard"]
[Result "1/2-1/2"]
[WhiteElo "2493"]
[BlackElo "2311"]
[PlyCount "41"]
[EventDate "1999.03.21"]

1. Nf3 c5 2. e4 d6 3. d4 cxd4 4. Nxd4 Nf6 5. Nc3 g6 6. Be3 Bg7 7. f3 O-O 8. Qd2
Nc6 9. Bc4 Bd7 10. h4 Rc8 11. Bb3 Ne5 12. O-O-O Nc4 13. Bxc4 Rxc4 14. h5 Nxh5
15. g4 Nf6 16. Nde2 Re8 17. Bh6 Bh8 18. e5 Nxg4 19. fxg4 Bxe5 20. Bf4 Qa5 21.
Bxe5 1/2-1/2

[Event "4NCL-9899A BA2-WES"]
[Site "Rd8-Birmingham"]
[Date "1999.03.21"]
[Round "8.2"]
[White "Rossiter, Philip"]
[Black "Crouch, Colin"]
[Result "0-1"]
[WhiteElo "2368"]
[BlackElo "2430"]
[PlyCount "120"]
[EventDate "1999.03.21"]

1. e4 Nf6 2. e5 Nd5 3. Bc4 Nb6 4. Be2 d6 5. exd6 exd6 6. Nf3 Be7 7. O-O O-O 8.
d4 Bg4 9. Nbd2 Re8 10. Re1 Bf6 11. Nf1 Nc6 12. c3 d5 13. Ng3 g6 14. h3 Bxf3 15.
Bxf3 Rxe1+ 16. Qxe1 Bg5 17. Qe2 Bxc1 18. Rxc1 Qe7 19. Qd2 Re8 20. Qh6 Nd8 21.
h4 c6 22. Nf1 Nc4 23. b3 Nd6 24. Ne3 Ne6 25. Re1 Qf8 26. Qxf8+ Kxf8 27. g3 Kg7
28. Rd1 Nb5 29. Rd3 f5 30. a4 Nd6 31. c4 dxc4 32. Nxc4 Rd8 33. d5 Ne4 34. Ne3
cxd5 35. Rxd5 Rxd5 36. Nxd5 N6c5 37. Bxe4 Nxe4 38. b4 Kf7 39. Kf1 Ke6 40. Ne3
Ke5 41. Ke2 Kd4 42. Kf3 Kc3 43. g4 Nd2+ 44. Kf4 fxg4 45. Kxg4 Kxb4 46. h5 gxh5+
47. Kxh5 Kxa4 48. f4 Kb3 49. f5 Ne4 50. Kg4 a5 51. Kf4 Nf6 52. Ng4 Nd7 53. Ne5
Nf8 54. Nd3 Kc4 55. Ke4 b5 56. f6 a4 57. Ne5+ Kc3 58. Kd5 a3 59. Kd6 a2 60. Ke7
Ng6+ 0-1

[Event "4NCL-9899A BA2-WES"]
[Site "Rd8-Birmingham"]
[Date "1999.03.21"]
[Round "8.3"]
[White "Duncan, Chris"]
[Black "Simons, Martin"]
[Result "1/2-1/2"]
[WhiteElo "2265"]
[BlackElo "2233"]
[PlyCount "101"]
[EventDate "1999.03.21"]

1. Nf3 d6 2. c4 Bg4 3. Qb3 Bxf3 4. Qxf3 Nc6 5. b3 e5 6. Bb2 Qf6 {(Draw offer)}
7. Nc3 Qxf3 8. gxf3 Nd4 9. O-O-O c6 10. Rg1 g6 11. f4 O-O-O 12. Ne4 Bg7 13. c5
dxc5 14. e3 Ne6 15. fxe5 Nh6 16. Bh3 b6 17. f4 Bf8 18. Rdf1 Be7 19. f5 Nxf5 20.
Bxf5 gxf5 21. Rxf5 Rdf8 22. Rh5 h6 23. Rf1 Rh7 24. Nf6 Bxf6 25. Rxf6 Rfh8 26.
Rhf5 Nd8 27. e6 fxe6 28. Rh5 Kd7 29. Rg6 Rf8 30. Rgxh6 Rxh6 31. Rxh6 Rf1+ 32.
Kc2 Nf7 33. Rf6 Rxf6 34. Bxf6 e5 35. Kd3 Ke6 36. Bg7 Kf5 37. a4 e4+ 38. Ke2 Kg4
39. Kf2 Kh3 40. Kg1 Ng5 41. Kf2 Kxh2 42. Be5+ Kh3 43. Bb8 a6 44. Ba7 b5 45.
Bxc5 Kg4 46. Ke2 {(Draw offer)} Kf5 47. d3 Ke5 48. Kd2 Kd5 49. Be7 Ne6 50. Kc3
c5 51. dxe4+ 1/2-1/2

[Event "4NCL-9899A BA2-WES"]
[Site "Rd8-Birmingham"]
[Date "1999.03.21"]
[Round "8.4"]
[White "Corkett, Anthony"]
[Black "Pert, Richard"]
[Result "1-0"]
[WhiteElo "2255"]
[BlackElo "2288"]
[PlyCount "62"]
[EventDate "1999.03.21"]

1. e4 c5 2. c3 d5 3. exd5 Qxd5 4. d4 g6 5. Nf3 Bg7 6. Be2 Nf6 7. c4 Qd8 8. O-O
cxd4 {(Draw offer)} 9. Nxd4 O-O 10. Nc3 a6 11. Be3 Nbd7 12. Rc1 e5 13. Nb3 Re8
14. Qc2 e4 15. Rfd1 Qe7 16. h3 b6 17. Nd5 Nxd5 18. cxd5 Be5 19. d6 Qf6 20. Qc6
Rb8 21. Bg4 Qd8 22. Bd4 h5 23. Bxd7 Bxd7 24. Qc7 Bf4 25. Be3 Bxe3 26. fxe3 Ba4
27. d7 Rf8 28. Rd4 Bxb3 29. axb3 Qxc7 30. Rxc7 f5 31. Rd6 Kf7 1-0

[Event "4NCL-9899A BA2-WES"]
[Site "Rd8-Birmingham"]
[Date "1999.03.21"]
[Round "8.5"]
[White "Palliser, Richard"]
[Black "Yeo, Michael"]
[Result "1-0"]
[WhiteElo "2245"]
[BlackElo "2211"]
[PlyCount "109"]
[EventDate "1999.03.21"]

1. d4 d5 2. c4 Nc6 3. Nf3 Bg4 4. Nc3 e6 5. Bg5 Be7 6. Bxe7 Ngxe7 7. e3 O-O 8.
Bd3 h6 9. h3 Bh5 10. O-O Nb4 11. Be2 dxc4 12. Qa4 a5 13. a3 Nbd5 14. Qxc4 Nxc3
15. Qxc3 Nd5 16. Qd2 Qd6 17. Rac1 Rfd8 18. Rfd1 c6 19. Rc5 b6 20. Rc4 Nf6 21.
Qc3 Nd5 22. Qc1 Ne7 23. b3 f6 24. Qb2 Rac8 25. Rdc1 Bf7 26. e4 Qb8 27. e5 f5
28. Ne1 Rc7 29. Bf3 Be8 30. Nd3 g5 31. b4 a4 32. b5 Rdc8 33. bxc6 Nxc6 34. d5
Nd8 35. Rxc7 Rxc7 36. d6 Rg7 37. Nb4 g4 38. hxg4 fxg4 39. Be4 g3 40. f4 Nb7 41.
Nc6 Bxc6 42. Bxc6 Nxd6 43. exd6 Qxd6 44. Qe5 Qxa3 45. Qxe6+ Rf7 46. Qg6+ Kf8
47. Qxh6+ Kg8 48. Qg5+ Kf8 49. Re1 Qc5+ 50. Qxc5+ bxc5 51. Bxa4 c4 52. Re8+ Kg7
53. Re3 Rxf4 54. Rxg3+ Kh6 55. Rc3 1-0

[Event "4NCL-9899A BA2-WES"]
[Site "Rd8-Birmingham"]
[Date "1999.03.21"]
[Round "8.6"]
[White "Neil, David"]
[Black "Sands, David"]
[Result "0-1"]
[WhiteElo "2260"]
[BlackElo "2251"]
[PlyCount "83"]
[EventDate "1999.03.21"]

1. e4 c5 2. Nc3 Nc6 3. f4 g6 4. Nf3 Bg7 5. Bb5 Nd4 6. Bd3 d6 7. Nxd4 cxd4 8.
Ne2 Nf6 9. O-O O-O 10. c3 dxc3 11. dxc3 Bd7 12. Kh1 Bc6 13. Qc2 b6 14. Nd4 Bb7
15. Nf3 Qc7 16. Bd2 e5 17. Rae1 Rae8 18. fxe5 dxe5 19. Bg5 Nd7 20. Qc1 f6 21.
Bh6 a6 22. Bc2 b5 23. Re2 Nc5 24. b4 Ne6 25. Bb3 Kh8 26. Bxg7+ Kxg7 27. c4 Nf4
28. Re3 bxc4 29. Rc3 Rc8 30. Rxc4 Qe7 31. Qb1 Rxc4 32. Bxc4 Rc8 33. Rc1 Qd7 34.
Bf1 Rxc1 35. Qxc1 Bxe4 36. Bxa6 Nxg2 37. Kxg2 Qg4+ 38. Kf2 Qxf3+ 39. Ke1 Qh1+
40. Kd2 Qxh2+ 41. Kc3 Qxa2 42. Bc4 0-1

[Event "4NCL-9899A BA2-WES"]
[Site "Rd8-Birmingham"]
[Date "1999.03.21"]
[Round "8.7"]
[White "Twyble, Michael"]
[Black "Brameld, Arthur"]
[Result "1/2-1/2"]
[WhiteElo "2216"]
[BlackElo "2115"]
[PlyCount "37"]
[EventDate "1999.03.21"]

1. d4 Nc6 2. c4 e5 3. d5 Nce7 4. e4 Ng6 5. Nc3 Bc5 6. g3 d6 7. Bg2 Nf6 8. Nf3
Bd7 9. Qe2 c6 10. O-O cxd5 11. cxd5 b5 12. a3 a6 13. b4 Ba7 14. Be3 Qb8 15. Nd2
O-O 16. h3 Rc8 17. Qd3 Bxe3 18. Qxe3 Qa7 19. Qxa7 1/2-1/2

[Event "4NCL-9899A BA2-WES"]
[Site "Rd8-Birmingham"]
[Date "1999.03.21"]
[Round "8.8"]
[White "Howard, Emily"]
[Black "Walker, Ellen"]
[Result "1-0"]
[WhiteElo "2047"]
[BlackElo "1696"]
[PlyCount "59"]
[EventDate "1999.03.21"]

1. e4 e5 2. Nf3 Nc6 3. Nc3 Nf6 4. d4 exd4 5. Nxd4 Bb4 6. Nxc6 bxc6 7. Bd3 O-O
8. O-O Re8 9. Qf3 d5 10. exd5 cxd5 11. Bg5 Re6 12. Bxf6 Rxf6 13. Qxd5 Be6 14.
Qxd8+ Rxd8 15. Ne4 Rh6 16. a3 Be7 17. Rad1 Bf5 18. Rfe1 Bd6 19. Ng3 Be6 20. Bf5
Bc4 21. Bh3 Rg6 22. Re4 Bb5 23. Red4 Kf8 24. c4 Ba4 25. Re1 Rb8 26. c5 Bxg3 27.
Rxa4 Bxf2+ 28. Kxf2 Rxb2+ 29. Kg1 Rb3 30. Rxa7 1-0

[Event "4NCL-9899A BCM-BIG"]
[Site "Rd8-Brimingham"]
[Date "1999.03.21"]
[Round "8.1"]
[White "Chandler, Murray"]
[Black "McShane, Luke"]
[Result "1/2-1/2"]
[WhiteElo "2520"]
[BlackElo "2497"]
[PlyCount "82"]
[EventDate "1999.03.21"]

1. e4 c5 2. Nf3 Nc6 3. Bb5 g6 4. Bxc6 dxc6 5. d3 Bg7 6. Nc3 e5 7. h3 Qe7 8. Be3
Nf6 9. Qd2 O-O 10. Bh6 Ne8 11. Ne2 f6 12. Ng3 Bxh6 13. Qxh6 c4 14. O-O cxd3 15.
cxd3 c5 16. Nh2 Nd6 17. Qe3 Nb5 18. f4 Nd4 19. Rf2 exf4 20. Qxf4 Qe5 21. Qe3
Be6 22. Raf1 Rad8 23. a3 Kg7 24. Ne2 Nxe2+ 25. Rxe2 Qd4 26. Rc1 b6 27. Rc3 Rd7
28. Qxd4 cxd4 29. Rc6 Re8 30. Kf2 Bb3 31. Rd2 f5 32. exf5 Bd5 33. Rc1 Rf7 34.
Nf3 Rxf5 35. Rc7+ Kh6 36. Kg3 Re3 37. Rf2 Rxd3 38. Rxa7 Rb3 39. Rd7 d3 40. Rd2
Bxf3 41. gxf3 Rfb5 1/2-1/2

[Event "4NCL-9899A BCM-BIG"]
[Site "Rd8-Brimingham"]
[Date "1999.03.21"]
[Round "8.2"]
[White "Parker, Jonathan"]
[Black "Mestel, Jonathan"]
[Result "1/2-1/2"]
[WhiteElo "2522"]
[BlackElo "2485"]
[PlyCount "128"]
[EventDate "1999.03.21"]

1. d4 d6 2. g3 g6 3. Bg2 Bg7 4. e4 Nf6 5. Ne2 O-O 6. O-O e5 7. Nbc3 exd4 8.
Nxd4 Bd7 9. h3 Nc6 10. Nde2 Rb8 11. a4 Nb4 12. Bg5 h6 13. Be3 a5 14. Qd2 Kh7
15. g4 Re8 16. Ng3 Bc6 17. g5 hxg5 18. Bxg5 Qd7 19. f4 d5 20. e5 Ng8 21. Rad1
d4 22. Nce4 Bxa4 23. Nc5 Qb5 24. Nxa4 Qxa4 25. Be4 Qd7 26. c3 Nc6 27. cxd4 f6
28. Qe2 f5 29. Bxc6 bxc6 30. h4 Nh6 31. Bxh6 Bxh6 32. Rd3 Rb4 33. Qf2 c5 34.
Rfd1 c4 35. Re3 c6 36. Rd2 Reb8 37. Ree2 Qe7 38. Nf1 Rb3 39. Re3 Qb7 40. Rxb3
Qxb3 41. Kh2 a4 42. h5 gxh5 43. Ne3 c3 44. bxc3 a3 45. Rc2 Ra8 46. Qh4 Qf7 47.
Rc1 Rb8 48. c4 Rb2+ 49. Kg3 a2 50. Ra1 Bf8 51. Kf3 Qg6 52. d5 cxd5 53. cxd5 Bc5
54. d6 Rb3 55. Qe7+ Kh6 56. Qf8+ Kh7 57. Qe7+ Kh6 58. Qf8+ Qg7 59. Qxg7+ Kxg7
60. Rxa2 Rxe3+ 61. Kg2 Ra3 62. Rc2 Ra5 63. Kg3 Kf7 64. Kh4 Bxd6 1/2-1/2

[Event "4NCL-9899A BCM-BIG"]
[Site "Rd8-Brimingham"]
[Date "1999.03.21"]
[Round "8.3"]
[White "Bellin, Robert"]
[Black "Rowson, Jonathan"]
[Result "0-1"]
[WhiteElo "2360"]
[BlackElo "2494"]
[PlyCount "106"]
[EventDate "1999.03.21"]

1. d4 Nf6 2. Nc3 d5 3. Bg5 Nbd7 4. Nf3 Nb6 5. e3 Bg4 6. h3 Bh5 7. g4 Bg6 8. Ne5
e6 9. h4 Bb4 10. h5 Be4 11. f3 h6 12. Bf4 Bh7 13. a4 Nbd7 14. Kf2 Nxe5 15. Bxe5
O-O 16. Bd3 Nd7 17. Bxh7+ Kxh7 18. Qd3+ Kh8 19. Bf4 Bd6 20. Rag1 Bxf4 21. exf4
c5 22. g5 cxd4 23. Ne2 Rc8 24. a5 e5 25. gxh6 gxh6 26. fxe5 Nxe5 27. Qf5 Qd6
28. Nxd4 Nc6 29. Nb5 Qc5+ 30. Kg3 Qe7 31. Kh3 Rg8 32. Re1 Qg5 33. Qxg5 Rxg5 34.
Nd6 Rc7 35. f4 Rxh5+ 36. Kg4 Rxh1 37. Rxh1 Nxa5 38. Rxh6+ Kg8 39. Ne8 Rxc2 40.
Kf5 Nc6 41. Nf6+ Kf8 42. Rh8+ Ke7 43. Nxd5+ Kd6 44. Ne3 Re2 45. Nc4+ Kd5 46. b3
Nd4+ 47. Kf6 Nxb3 48. Ne5 Rf2 49. Rh4 a5 50. Nxf7 a4 51. Rh5+ Kd4 52. Nd6 Rxf4+
53. Kg5 Ke5 0-1

[Event "4NCL-9899A BCM-BIG"]
[Site "Rd8-Brimingham"]
[Date "1999.03.21"]
[Round "8.4"]
[White "Arkell, Keith"]
[Black "Lyell, Mark"]
[Result "1-0"]
[WhiteElo "2438"]
[BlackElo "2221"]
[PlyCount "75"]
[EventDate "1999.03.21"]

1. d4 f5 2. g3 g6 3. b3 Bg7 4. Bb2 Nc6 5. Nf3 d6 6. Nbd2 Nh6 7. Nc4 Nf7 8. d5
Bxb2 9. Nxb2 Nce5 10. Bg2 O-O 11. O-O Nxf3+ 12. Bxf3 Ne5 13. Bg2 f4 14. Nd3 g5
15. Nxe5 dxe5 16. e3 Qd6 17. exf4 exf4 18. Re1 fxg3 19. hxg3 Qf6 20. Qd2 Bg4
21. Rac1 h5 22. Re4 Rf7 23. Qd4 Qxd4 24. Rxd4 Raf8 25. Rd2 h4 26. gxh4 gxh4 27.
Re1 Rg7 28. Kh2 h3 29. Bh1 Bf3 30. Re3 Bg2 31. Rg3 Bxh1 32. Kxh1 Rxg3 33. fxg3
Rf6 34. Kh2 Rh6 35. Rd4 Rh5 36. g4 Rh6 37. Rb4 Rd6 38. Rxb7 1-0

[Event "4NCL-9899A BCM-BIG"]
[Site "Rd8-Brimingham"]
[Date "1999.03.21"]
[Round "8.5"]
[White "Cafferty, Bernard"]
[Black "Kelly, Brian"]
[Result "1/2-1/2"]
[WhiteElo "2221"]
[BlackElo "2423"]
[PlyCount "63"]
[EventDate "1999.03.21"]

1. c4 Nf6 2. Nc3 c5 3. Nf3 e6 4. e3 Nc6 5. d4 d5 6. a3 a6 7. Bd3 Be7 8. O-O O-O
9. b3 b6 10. Bb2 cxd4 11. exd4 Bb7 12. Re1 Rc8 13. cxd5 Nxd5 14. Nxd5 Qxd5 15.
Be4 Qh5 16. Ne5 Qxd1 17. Raxd1 Rfd8 18. Nc4 b5 19. Ne3 Bf6 20. d5 Na5 21. Bxf6
gxf6 22. b4 Nc4 23. Nxc4 bxc4 24. d6 Bxe4 25. Rxe4 c3 26. Red4 Rc6 27. g3 Kf8
28. Rc1 Ke8 29. Rd3 c2 30. Rd2 Rcxd6 31. Rdxc2 Rd1+ 32. Kg2 1/2-1/2

[Event "4NCL-9899A BCM-BIG"]
[Site "Rd8-Brimingham"]
[Date "1999.03.21"]
[Round "8.6"]
[White "Webster, Andrew"]
[Black "Friedgood, David"]
[Result "1/2-1/2"]
[WhiteElo "2430"]
[BlackElo "2240"]
[PlyCount "73"]
[EventDate "1999.03.21"]

1. c4 e5 2. g3 d6 3. Bg2 f5 4. Nc3 Nf6 5. d4 exd4 6. Qxd4 Nc6 7. Qd2 g6 8. b3
Bg7 9. Bb2 O-O 10. Nh3 Ne5 11. Rd1 Nf7 12. Nf4 g5 13. Nfd5 c6 14. Nxf6+ Bxf6
15. O-O Be6 16. e4 Be5 17. f4 gxf4 18. gxf4 Bg7 19. Kh1 Qh4 20. Rf3 fxe4 21.
Rg3 Bg4 22. Nxe4 h5 23. Bxg7 Kxg7 24. Rg1 Rad8 25. Bf3 Nh6 26. Nf2 Kf7 27. Nxg4
hxg4 28. Bxg4 Rg8 29. Qe2 Nxg4 30. Rxg4 Rxg4 31. Rxg4 Qh3 32. Qg2 Qc3 33. Rg3
Qe1+ 34. Qg1 Qe4+ 35. Qg2 Qe1+ 36. Qg1 Qe4+ 37. Qg2 1/2-1/2

[Event "4NCL-9899A BCM-BIG"]
[Site "Rd8-Brimingham"]
[Date "1999.03.21"]
[Round "8.7"]
[White "Anderton, David"]
[Black "Ferguson, Mark"]
[Result "1/2-1/2"]
[WhiteElo "2205"]
[BlackElo "2377"]
[PlyCount "31"]
[EventDate "1999.03.21"]

1. d4 d5 2. c4 c6 3. e3 Bf5 4. Nc3 e6 5. Bd3 Bxd3 6. Qxd3 Nf6 7. Nf3 Bb4 8. O-O
Nbd7 9. a3 Bxc3 10. Qxc3 O-O 11. b3 Ne4 12. Qc2 b5 13. Nd2 Nxd2 14. Bxd2 bxc4
15. bxc4 Nb6 16. Ba5 1/2-1/2

[Event "4NCL-9899A BCM-BIG"]
[Site "Rd8-Brimingham"]
[Date "1999.03.21"]
[Round "8.8"]
[White "Regan, Natasha"]
[Black "Milligan, Helen"]
[Result "1/2-1/2"]
[WhiteElo "2151"]
[BlackElo "2054"]
[PlyCount "73"]
[EventDate "1999.03.21"]

1. f4 d5 2. Nf3 e6 3. g3 b6 4. Bg2 Bb7 5. O-O Nf6 6. d3 Be7 7. f5 exf5 8. Nh4
Bc8 9. Nxf5 Bxf5 10. Rxf5 Qd7 11. Qf1 Nc6 12. e3 O-O 13. Nc3 d4 14. Nd5 Rad8
15. Nxe7+ Nxe7 16. Rf3 dxe3 17. Bxe3 Nfd5 18. Bg5 f6 19. Bd2 a5 20. Re1 Ng6 21.
Bh3 Qc6 22. Be6+ Kh8 23. c4 Qc5+ 24. Kh1 Nb4 25. Bf5 Rfe8 26. Be4 Nc2 27. Qh3
Nf8 28. Rf5 Re5 29. Rxe5 Qxe5 30. Bc3 Qd6 31. Rf1 Nd4 32. Qg4 c5 33. Bd5 Ng6
34. Bd2 Re8 35. Be4 Nf8 36. Bf4 Qe6 37. Qh5 1/2-1/2

[Event "4NCL-9899A BR-RIC"]
[Site "Rd8-Birmingham"]
[Date "1999.03.21"]
[Round "8.1"]
[White "Ansell, Simon"]
[Black "Johnstone, Paul"]
[Result "0-1"]
[WhiteElo "2400"]
[BlackElo "2300"]
[PlyCount "124"]
[EventDate "1999.03.21"]

1. e4 c5 2. Nf3 e6 3. d3 d5 4. Nbd2 Nc6 5. g3 Bd6 6. Bg2 Nge7 7. O-O O-O 8. Nh4
Bc7 9. f4 f6 10. Ndf3 b6 11. Qe2 Qd6 12. Bd2 Ba6 13. Rae1 Rae8 14. e5 fxe5 15.
fxe5 Qd7 16. Bh3 h6 17. Bg4 g5 18. Ng2 Nf5 19. Bh5 Rb8 20. c3 Ng7 21. Bxg5 hxg5
22. Nxg5 Nxe5 23. Nf4 Rf6 24. Ng6 Bxd3 25. Nxe5 Bxe2 26. Nxd7 Rxf1+ 27. Rxf1
Nxh5 28. Rf7 Re8 29. Rf2 Bg4 30. h3 Bxg3 31. Rg2 Bxh3 32. Rxg3 Nxg3 33. Nf6+
Kf8 34. Nxe8 Kxe8 35. Nxh3 Ne2+ 36. Kf2 Nc1 37. Ke3 Nxa2 38. Kd2 b5 39. Kc2 b4
40. Nf4 bxc3 41. Nxe6 cxb2 42. Kxb2 Nb4 43. Nxc5 Ke7 44. Kb3 Nc6 45. Ka4 Kd6
46. Nd3 d4 47. Kb5 Kd5 48. Nb2 Nb8 49. Nd3 Nd7 50. Nb4+ Ke4 51. Ka6 Nb8+ 52.
Kb5 d3 53. Kc4 d2 54. Nd5 Nd7 55. Nc3+ Ke3 56. Kb3 Kd3 57. Nd1 Ne5 58. Kb4 Nc4
59. Kb5 Kc2 60. Nf2 Ne5 61. Ka6 Nc6 62. Kb7 a5 0-1

[Event "4NCL-9899A BR-RIC"]
[Site "Rd8-Birmingham"]
[Date "1999.03.21"]
[Round "8.2"]
[White "Williams, Simon"]
[Black "Beaumont, Chris"]
[Result "1/2-1/2"]
[WhiteElo "2371"]
[BlackElo "2298"]
[PlyCount "53"]
[EventDate "1999.03.21"]

1. d4 Nf6 2. c4 g6 3. Nc3 d5 4. h4 Bg7 5. cxd5 Nxd5 6. h5 c5 7. e3 cxd4 8. exd4
Nc6 9. Bb5 Qa5 10. Bxc6+ bxc6 11. Nge2 Ba6 12. Bd2 Nb4 13. hxg6 hxg6 14. Rxh8+
Bxh8 15. Kf1 Bxd4 16. Kg1 Bg7 17. Nf4 Rd8 18. a3 Nd3 19. Ncd5 Nxf4 20. Bxa5
Rxd5 21. Qg4 Ne2+ 22. Kf1 Nf4+ 23. Kg1 Ne2+ 24. Kf1 Rxa5 25. Qb4 Nd4+ 26. Kg1
Ne2+ 27. Kf1 1/2-1/2

[Event "4NCL-9899A BR-RIC"]
[Site "Rd8-Birmingham"]
[Date "1999.03.21"]
[Round "8.3"]
[White "Cobb, Charles"]
[Black "Bates, Richard"]
[Result "1/2-1/2"]
[WhiteElo "2275"]
[BlackElo "2373"]
[PlyCount "70"]
[EventDate "1999.03.21"]

1. e4 c5 2. Nf3 d6 3. d4 cxd4 4. Nxd4 Nf6 5. Nc3 a6 6. Be2 e5 7. Nb3 Be7 8. Be3
Be6 9. O-O O-O 10. Nd5 Nbd7 11. Qd3 Bxd5 12. exd5 Re8 13. c4 Bf8 14. Rfd1 g6
15. Rac1 b6 16. Nd2 a5 17. Nb1 Nc5 18. Qc2 Nfd7 19. f3 f5 20. Nc3 Nf6 21. b3
Nh5 22. a3 Nf4 23. b4 axb4 24. axb4 Na6 25. Bf1 Nxb4 26. Qb2 Na6 27. g3 Nh5 28.
Bxb6 Rb8 29. Bxd8 Rxb2 30. Bg5 Be7 31. Bxe7 Rxe7 32. Nb5 Rd7 33. Ra1 Nc5 34.
Ra8+ Kg7 35. Rc8 Nb3 1/2-1/2

[Event "4NCL-9899A BR-RIC"]
[Site "Rd8-Birmingham"]
[Date "1999.03.21"]
[Round "8.4"]
[White "Wall, Gavin"]
[Black "Buckley, Graeme"]
[Result "1/2-1/2"]
[WhiteElo "2369"]
[BlackElo "2285"]
[PlyCount "125"]
[EventDate "1999.03.21"]

1. d4 Nf6 2. Nf3 d5 3. Bf4 e6 4. e3 c5 5. c3 Qb6 6. Qb3 Nc6 7. Nbd2 Be7 8. Qxb6
axb6 9. Bc7 Nd7 10. a3 c4 11. e4 b5 12. exd5 exd5 13. O-O-O Ndb8 14. Bxb8 Rxb8
15. Ne1 Bg4 16. f3 Bf5 17. Nc2 h5 18. Ne3 Be6 19. f4 Bd6 20. f5 Bd7 21. f6 Be6
22. fxg7 Rg8 23. Re1 Kd7 24. Be2 h4 25. Nf3 Ra8 26. Nxh4 Rxg7 27. g3 Rgg8 28.
Nhf5 Bxa3 29. bxa3 Rxa3 30. g4 b4 31. cxb4 Nxb4 32. Nc2 Nxc2 33. Kxc2 Ra2+ 34.
Kc3 Rga8 35. Bd1 R8a3+ 36. Kb4 Rd3 37. Ba4+ Kc7 38. Rb1 Bxf5 39. gxf5 Rxd4 40.
Rhd1 Rxd1 41. Rxd1 Kd6 42. Be8 Rb2+ 43. Kc3 Rf2 44. Bxf7 Rxf5 45. Bg6 Rg5 46.
Bf7 Kc5 47. h4 d4+ 48. Kc2 Rg7 49. Rf1 Rg2+ 50. Kc1 Rh2 51. h5 b5 52. Bg6 Kb4
53. Rf3 Ka5 54. Rf4 d3 55. Bxd3 cxd3 56. Rd4 Rh1+ 57. Kb2 {(Draw offer)} Rh3
58. h6 b4 59. h7 Ka4 60. Rxd3 Rxh7 61. Rg3 Rh2+ 62. Kb1 b3 63. Rg8 1/2-1/2

[Event "4NCL-9899A BR-RIC"]
[Site "Rd8-Birmingham"]
[Date "1999.03.21"]
[Round "8.5"]
[White "Mah, Karl"]
[Black "Quinn, Mark"]
[Result "1-0"]
[WhiteElo "2312"]
[BlackElo "2346"]
[PlyCount "89"]
[EventDate "1999.03.21"]

1. d4 Nc6 2. c4 e5 3. d5 Nce7 4. Nc3 Ng6 5. Nf3 Bb4 6. Qb3 Qe7 7. a3 Bc5 8. Na4
b6 9. e4 Nf6 10. Qc2 a5 11. g3 d6 12. Bg2 Bd7 13. Nxc5 bxc5 14. Bd2 a4 15.
O-O-O O-O 16. h4 Nh5 17. Nh2 h6 18. Bc3 Rab8 19. Rdf1 Rb3 20. Bf3 Nf6 21. Bd1
c6 22. Qe2 Rb6 23. h5 Nh8 24. Bc2 Nh7 25. f4 Re8 26. Re1 Ra6 27. Nf1 Nf6 28.
Ne3 Qd8 29. Qf3 Qc8 30. Rd1 Bg4 31. Nxg4 Qxg4 32. Qe3 cxd5 33. cxd5 Nxh5 34.
Qd3 Raa8 35. Rh4 Qxg3 36. Rxh5 Qxf4+ 37. Bd2 Qg4 38. Rhh1 Ng6 39. Rdg1 Qd7 40.
Qf3 c4 41. Qc3 Rec8 42. Bd1 Rcb8 43. Qg3 Rb7 44. Bh5 Rab8 45. Bb4 1-0

[Event "4NCL-9899A BR-RIC"]
[Site "Rd8-Birmingham"]
[Date "1999.03.21"]
[Round "8.6"]
[White "Allicock, Rawle"]
[Black "Moskovic, David"]
[Result "1-0"]
[WhiteElo "2232"]
[BlackElo "2248"]
[PlyCount "71"]
[EventDate "1999.03.21"]

1. d4 Nf6 2. c4 g6 3. Nc3 Bg7 4. e4 d6 5. Nf3 O-O 6. Be2 e5 7. Be3 exd4 8. Nxd4
Re8 9. f3 c6 10. O-O d5 11. cxd5 cxd5 12. Bb5 Bd7 13. Qb3 Bxb5 14. Ndxb5 a6 15.
Na3 Qe7 16. Bg5 dxe4 17. Nxe4 h6 18. Rae1 hxg5 19. Nxf6+ Bxf6 20. Rxe7 Rxe7 21.
Rd1 Nc6 22. Nb1 Nd4 23. Qb6 Rd7 24. Nc3 Bd8 25. Qc5 Ne6 26. Qe3 Rxd1+ 27. Nxd1
Be7 28. Kf1 Rd8 29. Nc3 Bc5 30. Qc1 Bd4 31. Ne4 Be5 32. g3 Rb8 33. b3 f6 34.
Qc4 Kf7 35. Qd5 b5 36. Qd7+ 1-0